000
00335nam a2200145Ia 4500
005
20251222144716.0
008
251222s9999||||xx |||||||||||||| ||spa||
020
_a
9972-40-343-2
082
_a
869.565/L87M/2005
100
_a
López Albújar, Enrique
245
0
_a
Matalaché
250
_a
18a.ed.
264
_b
PEISA
942
_c
LIB
999
_c
18025
_d
18025